| 000 | 00412nam a2200145 a 4500 | ||
|---|---|---|---|
| 005 | 20140513081048.0 | ||
| 008 | 020906s19uu xx 00 eng d | ||
| 050 |
_aP 920 _bPHI 2001 |
||
| 245 | _aPhilippine Presidents (1898-Present). | ||
| 260 |
_aQuezon City, Philippines : _bMabuhay Boardgames, _c2001. |
||
| 300 | _aPoster | ||
| 440 | _aTeacher's Choice | ||
| 650 | _aPresidents-Philippines | ||
| 999 |
_c116240 _d116240 |
||